[Event "World Junior U20 Open 2018"]
[Site "Gebze"]
[Date "2018.09.14"]
[Round "10.63"]
[White "Eren, Ataberk"]
[Black "Jogstad, Martin"]
[Result "1-0"]
[WhiteElo "2180"]
[BlackElo "2305"]
[Annotator "NA"]
[PlyCount "104"]
[EventDate "2018.09.05"]
[EventType "swiss"]
[EventCountry "TUR"]
[SourceTitle "playchess.com"]
[Source "ChessBase"]
[SourceQuality "1"]
[TimeControl "40/5400+30:1800+30"]

1. d4 d5 2. c4 c6 3. Nf3 Nf6 4. Nc3 dxc4 5. a4 Bf5 6. e3 e6 7. Bxc4 Bb4 8. O-O Nbd7 9. Qe2 Bg6 10. e4 O-O 11. Bd3 Bh5 12. e5 Nd5 13. Nxd5 cxd5 14. Qe3 Re8 15. Ng5 Bg6 16. f4 Bxd3 17. Qxd3 f5 18. Be3 h6 19. Nf3 Rc8 20. Kh1 Qa5 21. Rg1 Qa6 22. Qd1 {[%emt 0:06:00]} Rc7 {[%emt 1:08:00]} 23. g4 {[%emt 0:00:30]} fxg4 {[%emt 0:00:30]} 24. Rxg4 {[%emt 0:00:30]} Nf8 {[%emt 0:05:30]} 25. Rg2 {[%emt 0:00:30]} Rec8 {[%emt 0:06:30]} 26. f5 {[%emt 0:10:30]} exf5 {[%emt 0:00:30]} 27. Nh4 {[%emt 0:00:00]} Qe6 {[%emt 0:07:48]} 28. Qh5 {[%emt 0:02:00]} f4 {[%emt 0:06:07]} 29. Bxf4 {[%emt 0:00:30]} Qf7 {[%emt 0:01:22]} 30. Rxg7+ {[%emt 0:05:30]} Qxg7 {[%emt 0:00:21]} 31. Rg1 {[%emt 0:00:30]} Qxg1+ {[%emt 0:00:51]} 32. Kxg1 {[%emt 0:00:00]} Rg7+ {[%emt 0:02:28]} 33. Kh1 {[%emt 0:08:00]} Rc6 {[%emt 0:04:33]} 34. Nf5 {[%emt 0:01:30]} Ne6 {[%emt 0:01:29]} 35. Bxh6 {[%emt 0:06:30]} Bf8 {[%emt 0:00:21]} 36. Nxg7 {[%emt 0:00:30]} Bxg7 {[%emt 0:00:16]} 37. Qe8+ {[%emt 0:00:30]} Kh7 {[%emt 0:00:24]} 38. Bxg7 {[%emt 0:01:30]} Nxg7 {[%emt 0:00:17]} 39. Qd7 {[%emt 0:00:30]} Rc1+ {[%emt 0:01:35]} 40. Kg2 {[%emt 0:00:00]} Rc2+ {[%emt 0:00:00]} 41. Kh3 {[%emt 0:00:00]} Rxb2 {[%emt 0:01:38]} 42. Qxd5 {[%emt 0:03:30]} Rb6 {[%emt 0:01:30]} 43. Qe4+ {[%emt 0:00:30]} Rg6 {[%emt 0:03:30]} 44. d5 {[%emt 0:01:30]} Nh5 {[%emt 0:00:30]} 45. d6 {[%emt 0:00:30]} Ng7 {[%emt 0:00:00]} 46. d7 {[%emt 0:02:30]} Ne6 {[%emt 0:00:00]} 47. Qf5 {[%emt 0:00:30]} Kg7 {[%emt 0:00:30]} 48. Qxe6 {[%emt 0:00:30]} Rxe6 {[%emt 0:00:30]} 49. d8=Q {[%emt 0:00:00]} Rxe5 {[%emt 0:00:30]} 50. Qc7+ {[%emt 0:00:00]} Kf6 {[%emt 0:00:30]} 51. Qxb7 {[%emt 0:00:30]} a5 {[%emt 0:00:00]} 52. Qb2 {[%emt 0:00:30]} Kf5 {[%emt 0:04:00]} 1-0

[Event "World Junior U20 Open 2018"]
[Site "Gebze"]
[Date "2018.09.14"]
[Round "10.64"]
[White "Ozenir, Ekin Baris"]
[Black "Cirovic, Miroljub"]
[Result "1/2-1/2"]
[WhiteElo "2303"]
[BlackElo "2181"]
[Annotator "NA"]
[PlyCount "129"]
[EventDate "2018.09.05"]
[EventType "swiss"]
[EventCountry "TUR"]
[SourceTitle "playchess.com"]
[Source "ChessBase"]
[SourceQuality "1"]
[TimeControl "40/5400+30:1800+30"]

1. d4 Nf6 2. Bg5 e6 3. e4 c5 4. d5 d6 {A45: Trompowsky Attack} (4... h6 5. Bxf6 Qxf6 6. Nc3 a6 7. Nf3 e5 8. a4 d6 9. Be2 g6 10. O-O Bg7 11. Nd2 O-O 12. Nc4 {½-½ (38) Kanep,M (2485)-Piorun,K (2657) Tallinn 2016}) 5. Nc3 Be7 {[%emt 0:03:30]} 6. Bb5+ {[%emt 0:07:00]} Bd7 {[%emt 0:00:30]} 7. dxe6 {[%emt 0:00:30]} fxe6 {[%emt 0:01:30]} 8. e5 {[%emt 0:07:30]} dxe5 {[%emt 0:00:30]} 9. Bxf6 {[%emt 0:00:30]} Bxf6 {[%emt 0:00:30]} 10. Qh5+ {[%emt 0:00:30]} g6 {[%emt 0:00:30]} 11. Qg4 {[%emt 0:19:30]} Nc6 {[%emt 0:34:30]} 12. O-O-O {[%emt 0:10:30]} Qc7 $146 {[%emt 0:07:30]} 13. Qc4 {[%emt 0:09:30]} O-O-O {[%emt 0:15:30]} 14. Qxc5 {[%emt 0:03:30]} Kb8 {[%emt 0:04:30]} 15. Nf3 {[%emt 0:08:30]} a6 {[%emt 0:04:30]} 16. Ba4 {[%emt 0:02:30]} Rhf8 {[%emt 0:08:30]} 17. Kb1 {[%emt 0:12:30]} Nd4 {[%emt 0:02:30]} 18. Qxc7+ {[%emt 0:04:30]} Kxc7 {[%emt 0:00:30]} 19. Bxd7 {[%emt 0:03:30]} Rxd7 {[%emt 0:00:00]} 20. Nd2 {[%emt 0:02:30]} b5 {[%emt 0:00:00]} 21. Nce4 {[%emt 0:00:30]} Be7 {[%emt 0:00:30]} 22. c3 {[%emt 0:01:30]} Nc6 {[%emt 0:06:31]} 23. Nf3 {[%emt 0:03:10]} Rf4 {[%emt 0:00:00]} 24. Rxd7+ {[%emt 0:01:21]} Kxd7 {[%emt 0:00:00]} 25. Re1 {[%emt 0:00:50]} h6 {[%emt 0:01:53]} 26. Re2 {[%emt 0:02:22]} g5 {[%emt 0:00:15]} 27. Ne1 {[%emt 0:01:02]} Rh4 {[%emt 0:01:03]} 28. h3 {[%emt 0:02:43]} g4 {[%emt 0:00:10]} 29. hxg4 {[%emt 0:01:02]} Rxg4 {[%emt 0:00:05]} 30. f3 {[%emt 0:00:03]} Rg6 {[%emt 0:01:19]} 31. Nd3 {[%emt 0:00:20]} a5 {[%emt 0:00:22]} 32. Kc2 {[%emt 0:01:09]} h5 {[%emt 0:01:02]} 33. Kd1 {[%emt 0:01:23]} h4 {[%emt 0:00:21]} 34. Ke1 {[%emt 0:00:59]} Rh6 {[%emt 0:00:25]} 35. Nef2 {[%emt 0:00:54]} Rh5 {[%emt 0:03:10]} 36. Ng4 {[%emt 0:02:01]} Kd6 {[%emt 0:00:27]} 37. Ngf2 {[%emt 0:01:22]} b4 {[%emt 0:00:35]} 38. Kf1 {[%emt 0:00:35]} bxc3 {[%emt 0:01:02]} 39. bxc3 {[%emt 0:00:04]} Rh8 {[%emt 0:00:15]} 40. Rb2 {[%emt 0:00:00]} Rb8 {[%emt 0:00:00]} 41. Rxb8 {[%emt 0:12:10]} Nxb8 {[%emt 0:02:05]} 42. Ke2 {[%emt 0:00:30]} Kd5 {[%emt 0:00:30]} 43. Ng4 {[%emt 0:00:30]} Nc6 {[%emt 0:01:30]} 44. Ne3+ {[%emt 0:00:30]} Kd6 {[%emt 0:00:30]} 45. Nc4+ {[%emt 0:01:30]} Kd5 {[%emt 0:00:30]} 46. Nb6+ {[%emt 0:00:30]} Kd6 {[%emt 0:00:00]} 47. Nc4+ {[%emt 0:05:30]} Kd5 {[%emt 0:00:00]} 48. Ne3+ {[%emt 0:00:30]} Kd6 {[%emt 0:00:30]} 49. Nf2 {[%emt 0:00:30]} Kc5 {[%emt 0:04:30] [#]} 50. a4 $16 {[%emt 0:01:30]} Kb6 {[%emt 0:01:30]} 51. Ne4 {[%emt 0:00:30]} Bf8 {[%emt 0:00:30]} 52. Nc4+ {[%emt 0:01:30]} Kc7 {[%emt 0:00:30]} 53. Kd3 {[%emt 0:00:30]} Kd7 {[%emt 0:02:30]} 54. Ned2 {[%emt 0:00:34]} Ne7 {[%emt 0:01:30]} 55. Nxe5+ {[%emt 0:02:09]} Kc7 {[%emt 0:00:30]} 56. Ndc4 {[%emt 0:07:31]} Nd5 {[%emt 0:00:30]} 57. Ne3 {[%emt 0:01:38]} Nf4+ {[%emt 0:00:00]} 58. Ke4 {[%emt 0:01:21]} Nxg2 {[%emt 0:00:00]} 59. N3g4 {[%emt 0:02:23]} Bd6 {[%emt 0:00:30]} 60. Nc4 {[%emt 0:01:00]} Bg3 {[%emt 0:00:30]} 61. Nxa5 {[%emt 0:01:19]} h3 {[%emt 0:00:30]} 62. Nb3 {[%emt 0:00:51]} h2 {[%emt 0:00:30]} 63. Nxh2 {[%emt 0:00:30]} Bxh2 {[%emt 0:00:30]} 64. Nd4 {[%emt 0:00:30]} Nf4 {[%emt 0:00:30]} 65. a5 {[%emt 0:00:00]} 1/2-1/2

[Event "World Junior U20 Open 2018"]
[Site "Gebze"]
[Date "2018.09.14"]
[Round "10.65"]
[White "Taalaibekov, Tagir"]
[Black "Can, Melih Kaan"]
[Result "0-1"]
[WhiteElo "2291"]
[BlackElo "2195"]
[Annotator "ChessBase"]
[PlyCount "92"]
[EventDate "2018.09.05"]
[EventType "swiss"]
[EventCountry "TUR"]
[SourceTitle "playchess.com"]
[Source "ChessBase"]
[SourceQuality "1"]
[TimeControl "40/5400+30:1800+30"]

1. d4 Nf6 2. Nf3 d5 3. c4 c6 4. e3 a6 5. Nbd2 g6 6. Bd3 Bg7 7. O-O O-O 8. b3 Bf5 9. Be2 a5 10. Bb2 a4 11. Ne5 Nfd7 12. f4 Nxe5 13. fxe5 {[%emt 0:12:30]} f6 {[%emt 0:34:30]} 14. Rxf5 {[%emt 0:16:30]} gxf5 {[%emt 0:00:30]} 15. e6 {[%emt 0:00:30]} Qd6 {[%emt 0:04:30]} 16. Bd3 {[%emt 0:00:30]} Qxe6 {[%emt 0:02:30]} 17. Qf3 {[%emt 0:00:00]} f4 {[%emt 0:07:30]} 18. exf4 {[%emt 0:08:00]} f5 {[%emt 0:05:30]} 19. Qf2 {[%emt 0:00:30]} axb3 {[%emt 0:04:30]} 20. Re1 {[%emt 0:00:30]} Qd6 {[%emt 0:02:30]} 21. a3 {[%emt 0:04:30]} Nd7 {[%emt 0:02:30]} 22. Qh4 {[%emt 0:08:30]} Qf6 {[%emt 0:15:30]} 23. Qxf6 {[%emt 0:14:30]} Rxf6 {[%emt 0:01:30]} 24. cxd5 {[%emt 0:02:30]} cxd5 {[%emt 0:00:44]} 25. Rxe7 {[%emt 0:10:30]} Rf7 {[%emt 0:02:02]} 26. Rxf7 {[%emt 0:03:30]} Kxf7 {[%emt 0:00:30]} 27. Nxb3 {[%emt 0:00:30]} Ke6 {[%emt 0:00:30]} 28. h3 {[%emt 0:00:30]} h5 {[%emt 0:00:30]} 29. g3 {[%emt 0:00:00]} Bf8 {[%emt 0:02:01]} 30. Be2 {[%emt 0:12:53]} Bxa3 {[%emt 0:01:13]} 31. Bc3 {[%emt 0:00:04]} Nf6 {[%emt 0:00:57]} 32. Nd2 {[%emt 0:01:33]} Rc8 {[%emt 0:01:19]} 33. Ba5 {[%emt 0:00:57]} Rc2 {[%emt 0:07:35]} 34. Bd3 {[%emt 0:01:00]} Rc1+ {[%emt 0:00:02]} 35. Kg2 {[%emt 0:00:53]} Ne4 {[%emt 0:02:21]} 36. Nf3 {[%emt 0:00:29]} Bd6 {[%emt 0:00:51]} 37. Be1 {[%emt 0:04:05]} Ra1 {[%emt 0:00:20]} 38. Be2 {[%emt 0:00:39]} Ra2 {[%emt 0:01:06]} 39. Kf1 {[%emt 0:00:10]} Rb2 {[%emt 0:00:16]} 40. Nh4 {[%emt 0:00:00]} Rb1 {[%emt 0:00:00]} 41. Bd3 {[%emt 0:01:47]} Nxg3+ {[%emt 0:03:43]} 42. Kf2 {[%emt 0:01:30]} Ne4+ {[%emt 0:00:00]} 43. Ke2 {[%emt 0:00:30]} Rb2+ {[%emt 0:00:00]} 44. Ke3 {[%emt 0:00:30]} b5 {[%emt 0:01:30]} 45. Ba5 {[%emt 0:02:30]} Rb3 {[%emt 0:07:30]} 46. Ng6 {[%emt 0:01:30]} Nf2 {[%emt 0:01:30]} 0-1

[Event "World Junior U20 Open 2018"]
[Site "Gebze"]
[Date "2018.09.14"]
[Round "10.66"]
[White "Gulbeyaz, Emir"]
[Black "Piyumantha, M Sasith Nipun"]
[Result "1/2-1/2"]
[WhiteElo "2285"]
[BlackElo "2139"]
[Annotator "NA"]
[PlyCount "80"]
[EventDate "2018.09.05"]
[EventType "swiss"]
[EventCountry "TUR"]
[SourceTitle "playchess.com"]
[Source "ChessBase"]
[SourceQuality "1"]
[TimeControl "40/5400+30:1800+30"]

1. e4 c5 2. b3 g6 3. Bb2 Nf6 4. g3 Bg7 5. Bg2 d6 6. Ne2 O-O 7. O-O Nc6 8. c4 {A01: Nimzowitsch-Larsen Opening} (8. d3 Bd7 9. Nd2 Qc8 10. Nf4 Re8 11. Rb1 Bg4 12. f3 Bd7 13. Nc4 b5 14. Ne3 b4 15. Ne2 a5 {½-½ (30) Wang,C (2529)-Zhao,J (2621) Zaozhuang 2015}) 8... e5 {[%emt 0:18:00]} 9. h3 {[%emt 0:20:30]} Nh5 $146 {[%emt 0:00:30]} ({Predecessor:} 9... a6 10. Nbc3 Rb8 11. d3 b5 12. f4 exf4 13. gxf4 Nh5 14. Rb1 Nd4 15. Kh2 Qh4 {0-1 (73) Licheli,L (2056)-Juhasz,A (2314) Karpacz 2015}) 10. Kh2 {[%emt 0:00:30]} Nd4 {[%emt 0:00:30]} 11. Nxd4 {[%emt 0:00:30]} cxd4 {[%emt 0:00:30]} 12. d3 {[%emt 0:00:30]} Bh6 {[%emt 0:00:30]} 13. Nd2 {[%emt 0:00:30]} Ng7 {[%emt 0:13:30]} 14. b4 {[%emt 0:05:30]} a5 {[%emt 0:01:30]} 15. bxa5 {[%emt 0:01:30]} Qxa5 {[%emt 0:03:30]} 16. Nb3 {[%emt 0:00:00]} Qc7 {[%emt 0:00:00]} 17. Bc1 {[%emt 0:03:00]} Bxc1 {[%emt 0:00:00]} 18. Qxc1 {[%emt 0:00:30]} Ne6 {[%emt 0:01:30]} 19. f4 {[%emt 0:01:30]} f6 {[%emt 0:00:30]} 20. f5 {[%emt 0:01:30]} Nc5 {[%emt 0:00:00]} 21. Nxc5 {[%emt 0:00:30]} dxc5 {[%emt 0:00:00]} 22. h4 {[%emt 0:00:30]} Kg7 {[%emt 0:09:30]} 23. Bh3 {[%emt 0:10:30]} Bd7 {[%emt 0:00:30]} 24. g4 {[%emt 0:00:30]} gxf5 {[%emt 0:13:30]} 25. gxf5 {[%emt 0:00:30]} Kh8 {[%emt 0:02:30]} 26. Qh6 {[%emt 0:01:30]} Qd6 {[%emt 0:02:30]} 27. Rg1 {[%emt 0:00:30]} Rf7 {[%emt 0:02:30]} 28. h5 {[%emt 0:08:30]} Qf8 {[%emt 0:04:30]} 29. Qd2 {[%emt 0:00:30]} Rg7 {[%emt 0:08:30]} 30. h6 {[%emt 0:06:30]} Rxg1 {[%emt 0:00:30]} 31. Rxg1 {[%emt 0:00:00]} Re8 {[%emt 0:00:30]} 32. Rg7 {[%emt 0:07:00]} Re7 {[%emt 0:00:30]} 33. Rg3 {[%emt 0:00:30]} Re8 {[%emt 0:03:05]} 34. Bg2 {[%emt 0:11:30]} b6 $11 {[%emt 0:01:57]} 35. Bf3 {[%emt 0:00:30]} Re7 {[%emt 0:00:40]} 36. Kg1 {[%emt 0:00:30]} Bc6 {[%emt 0:01:06]} 37. Bd1 {[%emt 0:01:30]} Ra7 {[%emt 0:04:22]} 38. Qg2 {[%emt 0:03:16]} Rb7 {[%emt 0:02:05]} 39. Bh5 {[%emt 0:01:29]} Rb8 {[%emt 0:01:40]} 40. Rg7 {[%emt 0:00:00]} Rb7 {[%emt 0:00:00]} 1/2-1/2

[Event "World Junior U20 Open 2018"]
[Site "Gebze"]
[Date "2018.09.14"]
[Round "10.67"]
[White "Tuna, Alp"]
[Black "Ismayilov, Muhammad"]
[Result "1/2-1/2"]
[WhiteElo "2253"]
[BlackElo "2137"]
[Annotator "ChessBase"]
[PlyCount "137"]
[EventDate "2018.09.05"]
[EventType "swiss"]
[EventCountry "TUR"]
[SourceTitle "playchess.com"]
[Source "ChessBase"]
[SourceQuality "1"]
[TimeControl "40/5400+30:1800+30"]

1. Nf3 d5 2. d4 e6 3. e3 Nf6 4. Bd3 c5 5. c3 Nc6 6. O-O Be7 7. Nbd2 O-O 8. dxc5 Bxc5 9. e4 {[%emt 0:15:30]} e5 {[%emt 0:26:30]} 10. b4 {[%emt 0:02:30]} Bd6 {[%emt 0:12:30]} 11. b5 {[%emt 0:17:30]} Ne7 {[%emt 0:03:30]} 12. c4 {[%emt 0:06:30]} d4 {[%emt 0:07:30]} 13. c5 {[%emt 0:01:30]} Bxc5 {[%emt 0:02:30]} 14. Nxe5 {[%emt 0:00:30]} Ng6 {[%emt 0:04:30]} 15. Nxg6 {[%emt 0:04:30]} hxg6 {[%emt 0:00:00]} 16. Nb3 {[%emt 0:08:30]} Bb6 {[%emt 0:02:00]} 17. Re1 {[%emt 0:03:30]} Be6 {[%emt 0:09:30]} 18. Ba3 {[%emt 0:02:30]} Re8 {[%emt 0:00:00]} 19. f3 {[%emt 0:07:30]} Rc8 {[%emt 0:02:00]} 20. Rc1 {[%emt 0:05:30]} Qd7 {[%emt 0:04:30]} 21. Bb4 {[%emt 0:02:30]} Rxc1 {[%emt 0:00:30]} 22. Qxc1 {[%emt 0:00:30]} Rc8 {[%emt 0:01:30]} 23. Qd2 {[%emt 0:01:30]} Bc4 {[%emt 0:03:30]} 24. Rc1 {[%emt 0:10:17]} Bxb3 {[%emt 0:01:30]} 25. axb3 {[%emt 0:00:19]} Rc3 {[%emt 0:02:36]} 26. Rb1 {[%emt 0:01:56]} Rc7 {[%emt 0:02:35]} 27. g3 {[%emt 0:01:17]} Bc5 {[%emt 0:03:29]} 28. Bxc5 {[%emt 0:01:14]} Rxc5 {[%emt 0:00:05]} 29. Bc4 {[%emt 0:00:00]} Rc8 {[%emt 0:01:05]} 30. Rd1 {[%emt 0:00:25]} Rd8 {[%emt 0:00:04]} 31. Qg5 {[%emt 0:02:20]} Qc7 {[%emt 0:03:08]} 32. e5 {[%emt 0:01:34]} Nh7 {[%emt 0:05:12]} 33. Qxg6 {[%emt 0:00:44]} Qxe5 {[%emt 0:01:16]} 34. Qxf7+ {[%emt 0:01:23]} Kh8 {[%emt 0:00:04]} 35. Qe6 {[%emt 0:00:28]} Qh5 {[%emt 0:03:36]} 36. Kg2 {[%emt 0:01:44]} Ng5 {[%emt 0:01:09]} 37. Qg4 {[%emt 0:00:18]} Qxg4 {[%emt 0:01:10]} 38. fxg4 {[%emt 0:00:04]} Ne4 {[%emt 0:00:15]} 39. Kf3 {[%emt 0:01:36]} Nc3 {[%emt 0:00:06]} 40. Rd3 {[%emt 0:00:00]} Rf8+ {[%emt 0:01:02]} 41. Kg2 {[%emt 0:01:21]} Rd8 {[%emt 0:02:38]} 42. g5 {[%emt 0:00:30]} g6 {[%emt 0:04:30]} 43. Kf3 {[%emt 0:00:30]} Kg7 {[%emt 0:04:30]} 44. Kf4 {[%emt 0:01:30]} Rf8+ {[%emt 0:02:46]} 45. Ke5 {[%emt 0:03:30]} Nxb5 {[%emt 0:01:16]} 46. Bxb5 {[%emt 0:00:30]} Rf5+ {[%emt 0:00:04]} 47. Kxd4 {[%emt 0:00:30]} Rxb5 {[%emt 0:00:04]} 48. Kc4 {[%emt 0:00:30]} Rxg5 {[%emt 0:02:05]} 49. Rd7+ {[%emt 0:00:30]} Kf6 {[%emt 0:01:19]} 50. Rxb7 {[%emt 0:00:00]} Ra5 {[%emt 0:00:08]} 51. b4 {[%emt 0:03:00]} Ra1 {[%emt 0:00:39]} 52. Rd7 {[%emt 0:14:51]} Kf5 {[%emt 0:01:59]} 53. Rd5+ {[%emt 0:02:21]} Kg4 {[%emt 0:01:59]} 54. Ra5 {[%emt 0:00:03]} Rc1+ {[%emt 0:00:14]} 55. Kb3 {[%emt 0:02:10]} Rc7 {[%emt 0:00:15]} 56. Rc5 {[%emt 0:02:10]} Rh7 {[%emt 0:02:55]} 57. Rc4+ {[%emt 0:01:28]} Kh3 {[%emt 0:00:50]} 58. Rc2 {[%emt 0:00:27]} g5 {[%emt 0:00:22]} 59. b5 {[%emt 0:01:21]} g4 {[%emt 0:01:31]} 60. Kb4 {[%emt 0:00:48]} Rb7 {[%emt 0:00:46]} 61. Ka5 {[%emt 0:00:41]} Rh7 {[%emt 0:00:24]} 62. Rd2 {[%emt 0:01:28]} Rb7 {[%emt 0:00:18]} 63. Re2 {[%emt 0:01:17]} Rc7 {[%emt 0:01:05]} 64. Ra2 {[%emt 0:01:02]} Rc4 {[%emt 0:00:46]} 65. Ka6 {[%emt 0:01:16]} Rc7 {[%emt 0:00:05]} 66. Rd2 {[%emt 0:00:36]} Rh7 {[%emt 0:00:20]} 67. Re2 {[%emt 0:00:39]} Rf7 {[%emt 0:00:23]} 68. Rd2 {[%emt 0:00:46]} Rh7 {[%emt 0:00:06]} 69. Re2 {[%emt 0:00:52]} 1/2-1/2

[Event "World Junior U20 Open 2018"]
[Site "Gebze"]
[Date "2018.09.14"]
[Round "10.68"]
[White "Aydincelebi, Kagan"]
[Black "Thilakarathne, G M H"]
[Result "1-0"]
[WhiteElo "2060"]
[BlackElo "2238"]
[Annotator "NA"]
[PlyCount "93"]
[EventDate "2018.09.05"]
[EventType "swiss"]
[EventCountry "TUR"]
[SourceTitle "playchess.com"]
[Source "ChessBase"]
[SourceQuality "1"]
[TimeControl "40/5400+30:1800+30"]

1. e4 {[%emt 0:00:30]} c5 {[%emt 0:00:30]} 2. Nf3 {[%emt 0:00:30]} d6 {[%emt 0:00:30]} 3. Bb5+ {[%emt 0:00:30]} Nd7 {[%emt 0:00:00]} 4. a4 {[%emt 0:00:00]} Ngf6 {[%emt 0:00:00]} 5. Nc3 {[%emt 0:00:00]} g6 {[%emt 0:00:30]} 6. a5 {[%emt 0:00:30]} Bg7 {[%emt 0:01:30]} 7. a6 {[%emt 0:00:30]} O-O {[%emt 0:00:30]} 8. O-O {[%emt 0:00:00]} Ne8 {[%emt 0:08:00]} 9. d4 {[%emt 0:06:30]} bxa6 {[%emt 0:03:30]} 10. Bxa6 {[%emt 0:01:30]} Bxa6 {[%emt 0:03:30]} 11. Rxa6 {[%emt 0:00:30]} Nc7 {[%emt 0:26:30]} 12. Ra2 {[%emt 0:16:00]} a6 {[%emt 0:05:30]} 13. Be3 $11 {[%emt 0:09:30]} Nb5 {[%emt 0:08:30]} 14. Qd2 {[%emt 0:05:30]} Nxc3 {[%emt 0:09:30]} 15. Qxc3 {[%emt 0:00:30]} Qc8 {[%emt 0:11:30]} 16. Qd3 {[%emt 0:15:30]} Qb7 {[%emt 0:12:30]} 17. d5 {[%emt 0:05:30]} Qb5 {[%emt 0:07:32]} 18. Qd2 {[%emt 0:07:30]} Rfb8 {[%emt 0:05:17]} 19. Bg5 {[%emt 0:03:30]} Nf6 {[%emt 0:07:46]} 20. Re1 {[%emt 0:01:30]} Qb4 {[%emt 0:01:03]} 21. Qd3 {[%emt 0:02:30]} h6 {[%emt 0:01:15]} 22. Bd2 {[%emt 0:02:30]} Qb5 {[%emt 0:00:08]} 23. Qe3 {[%emt 0:00:30]} Qd7 {[%emt 0:01:26]} 24. Bc3 {[%emt 0:01:30]} Re8 {[%emt 0:01:41]} 25. Nd2 {[%emt 0:08:30]} e6 {[%emt 0:01:00]} 26. Bxf6 {[%emt 0:01:30]} Bxf6 {[%emt 0:00:04]} 27. Nc4 {[%emt 0:01:30]} Qd8 {[%emt 0:00:42]} 28. Qd2 {[%emt 0:02:02]} Bg7 {[%emt 0:01:05]} 29. c3 {[%emt 0:00:39]} a5 {[%emt 0:00:12]} 30. Rea1 {[%emt 0:01:39]} a4 {[%emt 0:00:54]} 31. Rxa4 {[%emt 0:00:35]} Rxa4 {[%emt 0:00:25]} 32. Rxa4 {[%emt 0:00:30]} exd5 {[%emt 0:00:30]} 33. Qxd5 {[%emt 0:01:07]} Qe7 {[%emt 0:00:29]} 34. Nxd6 {[%emt 0:03:04]} Rd8 {[%emt 0:00:06]} 35. Ra8 {[%emt 0:00:04]} Rxa8 {[%emt 0:00:07]} 36. Qxa8+ {[%emt 0:00:03]} Kh7 {[%emt 0:00:03]} 37. Qd5 {[%emt 0:00:18]} Qa7 {[%emt 0:00:12]} 38. g3 {[%emt 0:01:13]} Qa1+ {[%emt 0:00:30]} 39. Kg2 {[%emt 0:00:00]} Qxb2 {[%emt 0:00:00]} 40. c4 {[%emt 0:00:00]} Qe2 {[%emt 0:00:00]} 41. Qxf7 {[%emt 0:04:46]} h5 {[%emt 0:02:03]} 42. h4 {[%emt 0:00:30]} Qd3 {[%emt 0:00:30]} 43. Qe7 {[%emt 0:00:30]} Kh6 {[%emt 0:00:30]} 44. Nf7+ {[%emt 0:00:30]} Kh7 {[%emt 0:00:30]} 45. Ng5+ {[%emt 0:00:00]} Kh6 {[%emt 0:00:30]} 46. Qe6 {[%emt 0:01:00]} Bf6 {[%emt 0:00:00]} 47. Qg8 {[%emt 0:00:30]} 1-0

[Event "World Junior U20 Open 2018"]
[Site "Gebze"]
[Date "2018.09.14"]
[Round "10.69"]
[White "Yilmaz, Goktan"]
[Black "Akin, Kadir"]
[Result "1-0"]
[WhiteElo "2237"]
[BlackElo "1974"]
[Annotator "NA"]
[PlyCount "77"]
[EventDate "2018.09.05"]
[EventType "swiss"]
[EventCountry "TUR"]
[SourceTitle "playchess.com"]
[Source "ChessBase"]
[SourceQuality "1"]
[TimeControl "40/5400+30:1800+30"]

1. e4 {[%emt 0:00:30]} d5 {[%emt 0:00:30]} 2. exd5 {[%emt 0:00:30]} Qxd5 {[%emt 0:00:30]} 3. Nc3 {[%emt 0:00:30]} Qd6 {[%emt 0:00:30]} 4. d4 {[%emt 0:00:30]} Nf6 {[%emt 0:00:30]} 5. Nf3 {[%emt 0:00:00]} Bg4 {[%emt 0:00:00] LiveBook: 164 Games} 6. h3 Bh5 {B01: Scandinavian Defence} 7. g4 Bg6 8. Ne5 {[%emt 0:02:00]} c6 {[%emt 0:13:00]} 9. Be3 {[%emt 0:01:30]} Nbd7 {[%emt 0:05:30]} 10. Nxg6 {[%emt 0:00:30]} (10. Qe2 Nd5 11. f4 Nxc3 12. bxc3 Be4 13. Rg1 Nxe5 14. dxe5 {0-1 (56) Grischuk,A (2750)-Rapport,R (2698) chess.com INT 2017}) 10... hxg6 {[%emt 0:00:30]} 11. Qf3 {[%emt 0:00:30]} e6 {[%emt 0:01:30]} 12. O-O-O {[%emt 0:01:30]} Qc7 {[%emt 0:00:30]} 13. Kb1 {[%emt 0:00:30]} Nb6 {[%emt 0:25:30]} 14. g5 $146 {[%emt 0:17:00]} Nfd5 {[%emt 0:00:30]} 15. Ne4 {[%emt 0:00:30]} Nc8 {[%emt 0:12:30]} 16. c4 {[%emt 0:03:30]} Nxe3 {[%emt 0:00:30]} 17. fxe3 {[%emt 0:00:30]} Nd6 {[%emt 0:00:30]} 18. d5 {[%emt 0:10:30]} Rh4 {[%emt 0:09:30]} 19. Nxd6+ {[%emt 0:06:30]} Bxd6 {[%emt 0:02:30]} 20. Bd3 {[%emt 0:12:30]} O-O-O {[%emt 0:03:30]} 21. dxc6 {[%emt 0:00:30]} bxc6 {[%emt 0:00:00]} 22. c5 {[%emt 0:00:30]} Be7 {[%emt 0:12:00]} 23. Qxf7 {[%emt 0:01:30]} Bxg5 {[%emt 0:00:30]} 24. Ba6+ {[%emt 0:01:30]} Kb8 {[%emt 0:00:00]} 25. Rxd8+ {[%emt 0:00:00]} Bxd8 {[%emt 0:00:00]} 26. Qe8 {[%emt 0:00:00]} Rh5 {[%emt 0:01:30]} 27. e4 {[%emt 0:03:30]} Qe7 {[%emt 0:01:30]} 28. Qxc6 {[%emt 0:00:30]} Rxc5 {[%emt 0:00:00]} 29. Qa4 {[%emt 0:00:30]} Bb6 {[%emt 0:05:00]} 30. b4 {[%emt 0:08:30]} Rc7 {[%emt 0:09:30]} 31. Rd1 {[%emt 0:00:30]} Qf8 $18 {[%emt 0:03:35]} (31... Bf2 32. Qb5+ Bb6) 32. a3 {[%emt 0:03:30]} Qe7 {[%emt 0:04:39]} 33. Qb5 {[%emt 0:01:30]} Ka8 {[%emt 0:02:53]} 34. e5 {[%emt 0:11:30]} Qf8 {[%emt 0:04:04]} 35. Qd3 {[%emt 0:01:30]} Re7 {[%emt 0:01:16]} 36. Rc1 {[%emt 0:01:30]} Kb8 {[%emt 0:04:06]} 37. Qd6+ {[%emt 0:00:00]} Bc7 {[%emt 0:00:13]} 38. Rxc7 {[%emt 0:00:00]} Qf5+ {[%emt 0:00:44]} 39. Rc2+ {[%emt 0:00:30]} 1-0